000 00718nam a2200253Ia 4500
003 OSt
005 20220924125256.0
006 a|||||r|||| 00| 0
007 ta
008 220923b |||||||| |||| 00| 0 ara d
024 _a333667
037 _cTextual
040 _aARTS
_cARTS
_bara
041 _2ara
_aara
082 _aDelta73xF64, 28M1
100 _aMahmood-al-Ghorab Mahmood Au.
_9176880
245 0 _aMuhiuddin ibn-al-Arabi
260 _aQahira
_bMatba'at din Egypt
_c1981
300 _a462p.
_ccm.
650 _a SPIRurdALISM
650 _aARABIC LANGUAGE
_931794
942 _hDelta73xF64, 28M1
_cTEXL
_2CC
999 _c422313
_d422313